Guía técnica para la implementación de la lista de verificación de la seguridad de la cirugía / (Registro nro. 52073)
[ vista simple ]
| 000 -CABECERA | |
|---|---|
| campo de control de longitud fija | 00794nam a22002297a 4500 |
| 003 - IDENTIFICADOR DEL NÚMERO DE CONTROL | |
| campo de control | DO-SdBNP |
| 005 - FECHA Y HORA DE LA ÚLTIMA TRANSACCIÓN | |
| campo de control | 20220620135738.0 |
| 007 - CAMPO FIJO DE DESCRIPCIÓN FÍSICA--INFORMACIÓN GENERAL | |
| campo de control de longitud fija | ta |
| 008 - DATOS DE LONGITUD FIJA--INFORMACIÓN GENERAL | |
| campo de control de longitud fija | 220620b2018 |||||||| |||| 00| 0 spa d |
| 020 ## - NÚMERO INTERNACIONAL ESTÁNDAR DEL LIBRO | |
| Número Internacional Estándar del Libro | 9789945591071 |
| 040 ## - FUENTE DE LA CATALOGACIÓN | |
| Centro catalogador/agencia de origen | DO-SdBNP |
| Lengua de catalogación | spa |
| Centro/agencia transcriptor | BNPHU |
| 082 10 - NÚMERO DE LA CLASIFICACIÓN DECIMAL DEWEY | |
| Número de edición | 22 |
| Número de clasificación | 617.9 |
| Número de documento/Ítem | R426g |
| 110 ## - ENTRADA PRINCIPAL--NOMBRE DE ENTIDAD CORPORATIVA | |
| Nombre de entidad corporativa o nombre de jurisdicción como elemento de entrada | República Dominicana. Ministerio de Salud Pública |
| 245 10 - MENCIÓN DE TÍTULO | |
| Título | Guía técnica para la implementación de la lista de verificación de la seguridad de la cirugía / |
| Mención de responsabilidad, etc. | Ministerio de Salud Pública |
| 250 ## - MENCIÓN DE EDICIÓN | |
| Mención de edición | 2 ed. |
| 260 4# - PUBLICACIÓN, DISTRIBUCIÓN, ETC. | |
| Lugar de publicación, distribución, etc. | Santo Domingo : |
| Nombre del editor, distribuidor, etc. | Ministerio de Salud Pública y Asistencia Social, |
| Fecha de publicación, distribución, etc. | 2017. |
| 300 ## - DESCRIPCIÓN FÍSICA | |
| Extensión | 19 p. : |
| Otras características físicas | il.; |
| Dimensiones | 25 cm |
| 590 ## - NOTA LOCAL (RLIN) | |
| Nota local | inventariado,2022 / SA |
| 700 ## - PUNTO DE ACCESO ADICIONAL--NOMBRE DE PERSONA | |
| Nombre de persona | Placencia, Francini |
| Término indicativo de función/relación | Coordinadora técnica |
| 9 (RLIN) | 77840 |
| 910 ## - DATOS DE OPCIÓN DEL USUARIO (OCLC) | |
| Datos de opción del usuario | Saquino |
| 942 ## - ELEMENTOS DE PUNTO DE ACCESO ADICIONAL (KOHA) | |
| Fuente del sistema de clasificación o colocación | Dewey Decimal Classification |
| Tipo de ítem Koha | Folleto |
| Estado de retiro | Estado de pérdida | Fuente del sistema de clasificación o colocación | Restricciones de uso | No para préstamo | Código de colección | Localización permanente | Ubicación/localización actual | Ubicación en estantería | Fecha de adquisición | Fuente de adquisición | Signatura topográfica completa | Código de barras | Fecha visto por última vez | Precio válido a partir de | Tipo de ítem Koha | Total de préstamos | Número de copia |
|---|---|---|---|---|---|---|---|---|---|---|---|---|---|---|---|---|---|
| Dewey Decimal Classification | Excluido de préstamo | Patrimonio Dominicano Folletos | Biblioteca Nacional Pedro Henríquez Ureña | Biblioteca Nacional Pedro Henríquez Ureña | En catalogación | 02.11.2020 | Depósito Legal | BNPHU F-PD XXX 426g | 2022-3076 | 20.06.2022 | 20.06.2022 | Folleto | |||||
| Dewey Decimal Classification | Excluido de préstamo | Patrimonio Dominicano Folletos | Biblioteca Nacional Pedro Henríquez Ureña | Biblioteca Nacional Pedro Henríquez Ureña | En catalogación | 02.11.2020 | Depósito Legal | BNPHU F-PD XXX R426g | 2022-3078 | 20.06.2022 | 20.06.2022 | Folleto | e.2 | ||||
| Dewey Decimal Classification | Préstamo en sala | Patrimonio Dominicano Folletos | Biblioteca Nacional Pedro Henríquez Ureña | Biblioteca Nacional Pedro Henríquez Ureña | En catalogación | 02.11.2020 | Depósito Legal | BNPHU F-PD XXX R426g | 2022-3079 | 20.06.2022 | 20.06.2022 | Folleto | e.3 |
